000 02024nam a2200289 i 4500
003 DO-SdBNP
005 20231101104249.0
006 a||||dr|||| 00| 0
007 ta
008 231031e1997 dr aobc| |||| 00| 0 spa d
040 _aDO-SdBNP
_bspa
_cBNPHU
_erda
082 4 _222
_bC117s
100 1 _aCabrera Argentina,
_984303
_eautora
245 1 0 _aSociales 2000, 3 :
_btercer grado de la educación básica. /
_cArgentina Cabrera, José Mercedes Zarzuela Bidó: ilustración, Julio César Martínez
264 1 _aSanto Domingo :
_bSusaeta,
_c1997
300 _a128 páginas :
_bIlustraciones, fotografías, mapas, retrato ;
_c27 cm.
336 _2rdacontent
_atexto
_btxt
337 _2rdamedia
_asin mediación
_bn
338 _2rdacarrier
_avolumen
_bnc
490 _aEducación sin frontera
504 _aBibliografía, página 126
505 _aUnidad 1. El Medio Geográfico.
_tTema 1: La Orientación.-- Tema 2: El Municipio.-- Tema 3: El Municipio forma parte de una Provincia.-- Tema 4: Historia del Municipio.-- Tema 5: Gobierno del Municipio.-- Tema 6: La Población.
_gUnidad 2.
_tTema 1: Mi Familia.-- Tema 2: Mi Escuela.-- Tema 3: Organización de mi Comunidad.-- Tema 4: La Salud en mi Comunidad.-- Tema 5: Mi Seguridad Personal.-- Tema 6: Normas y Medidas de Protección en Casos de Desastre.-- Tema 7: Cuidado y Protección de los Lugares Históricos.-- Tema 8: Documentos de Identidad Personal.
_gUnidad 3.
_tTema 1: Origen y formación de nuestro país.-- Tema 2: Características Culturales del Pueblo Dominicano.-- Tema 3: Los primeros Pobladores.-- Tema 4: Llegada de los Españoles de América.-- Tema 5: La Colonización Española en Nuestra Isla.--
_gUnidad 4: La Independencia Nacional.
_tTema 1: La Ocupación.-- Tema 2: Fundación de la Trinitaria.-- Tema 3: Nacimiento de la República.-- Tema 4: La nación, el Estado y la patria.--
590 _aInventariado 2023 / MF
700 1 _4Zarzuela Bidó, José M.,
_eautor
700 1 _aMartínez, Julio César
_91263
_eilustrador
942 _2ddc
_cLBS1
999 _c55355
_d55355